LEADER 01361nam0 22003251i 450 001 UON00229062 005 20231205103452.117 010 $a27-05-66328-2 100 $a20030730d1997 |0itac50 ba 101 $afre 102 $aFR 105 $a||||0 ||||| 200 1 $aArts et artistes$fEdmond & Jules de Goncourt$gtextes réunis, annotés et présentés par Jean-Paul Bouillon 210 $aParis$cHermann. Éditeurs des Sciences et des Arts$d[1997] 215 $a[1] p. di tav., vi, 272 p.$d21 cm. 410 1$1001UON00176717$12001 $aCollection Savoir. Lettres$1210 $aParis$cHermann 606 $aArte$xFrancia$3UONC059893$2FI 606 $aARTISTI FRANCESI$xSec. 18.$3UONC049891$2FI 620 $aFR$dParis$3UONL002984 676 $a840.7$cLetteratura francese. Monarchia costituzionale, 1815-1848$v21 700 1$aGONCOURT$bEdmond : de$3UONV114508$0290295 701 1$aGONCOURT$bJules : de$3UONV114509$0290296 702 1$aBOUILLON$bJean-Paul$3UONV138882 712 $aHermann$3UONV246956$4650 801 $aIT$bSOL$c20250530$gRICA 899 $aSIBA - SISTEMA BIBLIOTECARIO DI ATENEO$2UONSI 912 $aUON00229062 950 $aSIBA - SISTEMA BIBLIOTECARIO DI ATENEO$dSI V A GON $eSI LO 67537 5 996 $aArts et artistes$91272041 997 $aUNIOR LEADER 01211nam2 22003011i 450 001 UON00516952 005 20231205105526.48 010 $a37-672-0235-2 100 $a20230831d1974 |0itac50 ba 101 $ager 102 $aDE 105 $a|||| ||||| 200 1 $aˆ2: ‰Erzählungen$fOscar Kokoschka 210 $aHamburg$cH. Christians$d1974 215 $a395 p.$d22 cm 461 1$1001UON00211741$12001 $aˆDas ‰schriftliche Werk$fOskar Kokoschka$gherausgegeben von Heinz Spielmann$1210 $aHamburg$cChristians$d1973-1976$1215 $a4 volumi$d22 cm$v2 606 $aLetteratura tedesca$xMiscellanea$3UONC101312$2FI 620 $aDE$dHamburg$3UONL003222 676 $a838.91$cMiscellanea tedesca. 1900-1990$v21 700 1$aKOKOSCHKA$bOscar$3UONV289556$0562614 702 1$aSPIELMANN$bHeinz$3UONV156743 712 $aChristians$3UONV270749$4650 801 $aIT$bSOL$c20251107$gRICA 899 $aSIBA - SISTEMA BIBLIOTECARIO DI ATENEO$2UONSI 912 $aUON00516952 950 $aSIBA - SISTEMA BIBLIOTECARIO DI ATENEO$dSI F. Goethe 830 KOK 3347 $eSI 45184 5 3347 996 $aErzählungen$93894713 997 $aUNIOR